1246 1285 1604 1520 1089 1416 1053 1359 1082 1300 1736 1208 1019 1115 1383 1239 1204 1708 1880 1308 1953 1046 1081 1853 1436 1565 1492 1772 1014 1529 1440 1026 1292 1453 1962 1142 1485 1921 1595 1731 1925 1202 1068 1930 1862 1480 1226 1947 1240 1692 1159 1117 1023 1211 1810 1650 1237 1152 1827 1388 1540 1991 1373 1286 1336 1816 1813 1139 1970 1455 1292 1515 1958 1835 1749 1473 1089 1055 1401 1076 1319 1232 1825 1969 1723 1575 1528 1545 1757 1270 1602 1795 1207 1154 1191 1345 1123 1643 1951 BCNSPRNW ULIB Ver.6.0+V

เปลี่ยนเป็นภาษาไทย

Change to English
 แสดงรายละเอียดบรรณานุกรม
  กลับหน้าหลัก

Brief Record : Get Marc (ISO 2709) : E-mail record : QR code < ปิดหน้าต่าง
LEADER : 00000nam 2200000uu 4500
001    13399120830
003     ULIB
008    020711s2550 th a 000 0 tha d
020    9789747681871
060  4 WA540.JT3^bส691พ
100    ชัยวัฒน์ คุประตกุล และคณะ
110    มูลนิธิสาธารณสุขแห่งชาติ
245    มนุษย์อนาคต /^cชัยวัฒน์ คุประตกุล และคณะ
260    กรุงเทพฯ :^bมูลนิธิสาธารณสุขแห่งชาติ,^c2550
300    342 หน้า
650    การแพทย์กับสังคม^xผลกระทบจากนวัตกรรมทางเทคโนโลยี^yแง่จริยศาสตร์^zเรื่องสั้น
650    เทคโนดลยีการแพทย์^xแง่จริยศาสตร์^yเรื่องสั้น
650    นวัตกรรรมทางการแพทย์แง่จริยศาสตร์^xเรื่องสั้น
945    ^p0^l0^i14417
999    ^aกัณชพร
รายการนี้ยังไม่มีแท็ก
คุณยังไม่ได้ล็อกอิน คุณสามารถมีกิจกรรมร่วมกับเว็บไซต์ได้ แต่ต้องล็อกอินก่อน ::
  ล็อกอิน

รายการสื่อสารสนเทศ

ลำดับที่ ประเภท เลขเรียก/บาร์โค้ด สถานที่ สถานะ
1. วิทยาศาสตร์การแพทย์ และสุขภาพ
วิทยาศาสตร์การแพทย์ และสุขภาพ
WA540.JT3 ส691พ ฉ.1 
  Barcode: 14417
ห้องสมุดวิทยาเขตสวรรค์ประชารักษ์
►หนังสือทั่วไป
บนชั้น

BibComment


ยังไม่เคยถูกคอมเมนท์

คอมเมนท์ทรัพยากรรายการนี้
  คอมเมนท์: มนุษย์อนาคต ชัยว..


 Copyright 2026. Bcnsprnw @Library